Most Common English Words - Whammies - Statistics

General Stats
  • This quiz has been taken 415 times
  • The average score is 10 of 24
Answer Stats
Rank Word % Correct
6 A
96%
1 The
92%
10 I
91%
2 Be
78%
5 And
65%
18 You
62%
16 He
54%
3 To
52%
7 In
45%
11 It
44%
14 On
41%
4 Of
38%
19 Do
34%
12 For
32%
9 Have
31%
8 That
28%
20 At
26%
22 But
24%
21 This
23%
17 As
21%
13 Not
19%
15 With
16%
24 By
14%
23 His
7%
No matching quizzes found
Score Distribution
Percent of People with Each Score
Percentile by Number Answered
Your Score History
You have not taken this quiz